Laufey Haunted Lyrics - Statistics

General Stats
  • This quiz has been taken 13 times
  • The average score is 115 of 121
Answer Stats
Answer % Correct
Again
100%
Allow
100%
As
100%
Don't
100%
Every
100%
Go
100%
Haunt
100%
Haunts
100%
Have
100%
He
100%
Him
100%
Hold
100%
I
100%
I'll
100%
Just
100%
Kiss
100%
Know
100%
Leaves
100%
Like
100%
Lips
100%
Love
100%
Me
100%
More
100%
Myself
100%
Of
100%
On
100%
One
100%
Ounce
100%
Quite
100%
Sin
100%
Sleep
100%
Stained
100%
Swear
100%
This
100%
To
100%
Tonight
100%
Want
100%
Wine
100%
Yet
100%
And
86%
Around
86%
At
86%
Dawn
86%
Down
86%
End
86%
Eyes
86%
Forever
86%
Hallways
86%
Moonlight
86%
Pale
86%
Perfume
86%
Pretend
86%
Rose
86%
Stay
86%
The
86%
'Til
86%
Will
86%
Wraps
86%
You'll
86%
Ghostly
71%
Lay
71%
Low-lit
71%
Misty
71%
Sounds
71%
Rooms
29%
No matching quizzes found
Score Distribution
Percent of People with Each Score
Percentile by Number Answered
Your Score History
You have not taken this quiz